LEADER 00873nam a2200217 i 4500 001 000000202181 003 CaOOAMICUS 005 20131023000000.0 008 131023s2002 it u000 u ita u 013 $a180888 040 $aSeMil$bita 245 13$aIl Patrimonio dell'Umanità :$bsiti archeologici e centri urbani. 260 $aGinevra ; Milano :$bSkira,$c2002. 300 $a383 p. :$bill. ;$c28 cm. 500 $aDistribuito da IntesaBci/Unesco. 650 4$aPatrimonio dell'umanità.$0(OLS)http://semarc/subject/1829 850 $aSeMil 852 $aSeMil$W1$xVenegono$y1$m5F IX 34$j152704$B152704$CSeMilBibl$Z2$F185743 $81 961 $a: Istituto San Vincenzo 996 $6245$aIl Patrimonio dell'Umanità :$bsiti archeologici e centri urbani$9(OLS)http://semarc/title/292658 996 $6260$aGinevra ; Milano :$bSkira$9(OLS)http://semarc/publisher/44264 LEADER 01328nam a2200289 i 4500 001 000000115822 003 CaOOAMICUS 005 20030529000000.0 008 030529s1992 it u000 u ita u 013 $a88511 020 $a88-384-1820-9 040 $aSeMil$bita 100 1 $aBrown, Raymond Edward,$c.$0(OLS)http://semarc/name/3567 240 14$aThe churches the Apostels left behind.$0(OLS)http://semarc/title/169709 245 13$aLe Chiese degli Apostoli :$bindagine esegetica sulle origini dell'ecclesiologia /$cRaymond E. Brown. 260 $aCasale Monferrato (AL) :$bPiemme,$c1992. 300 $a189 p. ;$c23 cm. 500 $aContiene : Bibliografia. - Fondo Card. C.M. Martini. 650 4$aBibbia - Chiesa.$0(OLS)http://semarc/subject/1148 650 4$aChiesa primitiva e delle origini .$0(OLS)http://semarc/subject/1281 850 $aSeMil 852 $aSeMil$W1$xVenegono$y1$m2V III 59$j71321$B71321$CSeMilBibl$Z2$F83583 $81 941 1 $a4 961 $aOmaggio: Martini Card. Carlo Maria 996 $6020$a88-384-1820-9$9(OLS)http://semarc/number/79487 996 $6245$aLe Chiese degli Apostoli :$bindagine esegetica sulle origini dell'ecclesiologia$9(OLS)http://semarc/title/169708 996 $6260$aCasale Monferrato (AL) :$bPiemme$9(OLS)http://semarc/publisher/30052